000 00437nam a2200181Ia 4500
001 3257
005 20260306144907.0
008 260306t2004||||xx |||||||||||||| ||spa||
041 _aESP
082 _a262.91
_bJ81N
100 _aJuan Pablo II, Papa
_eAUT
245 0 _aNovo millennio ineunte:
_bcarta apostólica
260 _c2004
300 _a75 páginas :
_c20 cm.
650 _aGEN
654 _aCHU
942 _cLIB
_dJUS
_fJUS
_2ddc
_n
999 _c3257
_d3257